Najbliższa stolica innej stolicy #1 - Statystyki

Ogólne statystyki
  • Ten quiz został rozwiązany 79 razy
  • Średni wynik to 14 z 20
Statystyki odpowiedzi
Stolica Inna najbliższa % Poprawnych
Waszyngton Ottawa
100%
Helsinki Tallinn
91%
Londyn Bruksela
85%
Lizbona Madryt
84%
Buenos Aires Montevideo
84%
Rzym Watykan
84%
Kopenhaga Berlin
81%
Tokio Seul
78%
Moskwa Mińsk
77%
Ateny Skopje
77%
Reykjavík Dublin
76%
Pekin Pjongjang
65%
Kair Jerozolima
62%
Nowe Delhi Islamabad
61%
La Paz Lima
58%
Damaszek Bejrut
51%
Bagdad Kuwejt
45%
Tajpej Manila
43%
Panama San José
36%
Kingston Port-au-Prince
32%
Nie znaleziono quizów pasujących do podanych kryteriów
Rozkład punktacji
Procent ludzi z każdym wynikiem
Percentyl według liczby udzielonych odpowiedzi
Twoja historia wyników
Nie rozwiązałeś tego quizu